Movies Quiz

Random Movies Quiz

Movie Locations Quiz Stats

 Plays Quiz not verified by Sporcle

Challenge
Share
Tweet
Embed
Score 0/20 Timer 08:00
0 Plays Today
Location % Correct
Bates MotelPsycho
94.2%
The Emerald CityThe Wizard of Oz
90%
Wonka FactoryWilly Wonka and the Chocolate Factory
90%
Wally WorldNational Lampoon's Vacation
80.8%
PandoraAvatar
76.7%
MetropolisSuperman
74.2%
HothStar Wars Episode V: The Empire Strikes Back
68.3%
Nakatomi PlazaDie Hard
61.7%
MonstropolisMonsters Inc.
59.2%
Philadelphia Museum of Art StepsRocky
57.5%
Location % Correct
Overlook HotelThe Shining
54.2%
Amity IslandJaws
46.7%
Skull IslandKing Kong
46.7%
Devil's TowerClose Encounters of the Third Kind
38.3%
The NostromoAlien
37.5%
Paradise FallsUp
30.8%
Haddonfield, IllinoisHalloween
27.5%
Maycomb, AlabamaTo Kill A Mockingbird
20%
Bates High School GymCarrie
10%
The Glass TowerThe Towering Inferno
6.7%

You're not logged in!

Compare scores with friends on all Sporcle quizzes.
Join for Free
OR
Log In

You Might Also Like...

Show Comments

Extras

Created Apr 4, 2011ReportNominate
Tags:location

Top Quizzes Today


Score Distribution

Your Account Isn't Verified!

In order to create a playlist on Sporcle, you need to verify the email address you used during registration. Go to your Sporcle Settings to finish the process.

Report this User

Report this user for behavior that violates our Community Guidelines.

Details: